| 000 | 00875cam a2200265 4500 | ||
|---|---|---|---|
| 001 | J1314 | ||
| 008 | 090401t1992 xxu||||| |||| 00| 0 eng d | ||
| 035 | _a(Sirsi) u42824 | ||
| 041 | _aeng | ||
| 050 | _a692.81 | ||
| 090 | _aJCT 1992/6AC | ||
| 110 |
_aJoint Contracts Tribunal _93664 |
||
| 245 | _aStandard Form of Building Contract 1980 edition (incorporating amendments 1 to 11): Practice Note 24 for use by employers in the event of the insolvency of the main contractor. | ||
| 260 |
_aLondon _bRIBA Publications Ltd. _c1992 |
||
| 300 | _a36p. ; 30cm. | ||
| 350 | _a8.5 | ||
| 490 |
_aJCT Practice Note _v24 |
||
| 650 | _aBUILT ENVIRONMENT-BUILDING CONTRACT FORMS | ||
| 650 | _aJCT | ||
| 650 | _aPRACTICE NOTE 24 | ||
| 690 | _aBUILDING AND CONSTRUCTION-CONTROL | ||
| 710 |
_aSociety of Practitioners of Insolvency _9515 |
||
| 942 | _n0 | ||
| 948 | _c04/03/1997 | ||
| 999 |
_c91187 _d91187 |
||